000 00368 a2200169 4500
001 191476
020 _a85-16-00044-3
040 _cMagnum
100 _aMott, Odette de Barros
240 1 0 _aO chamado do meu povo
_lpor
245 1 0 _aO chamado do meu povo
300 _a103
362 0 _a1993
440 1 _aModerna
697 _aLITERATURA JUVENIL
942 _cBK
999 _c191476
_d191476